000 00649nam a2200193 i 4500
001 106872
003 ES-MaACL
005 20250930063109.0
007 t|
008 061121s1970 sp r ||||1| spa d
100 1 _aMoragas, Jerónimo de,
_d1901-1965
_982915
245 1 0 _aDe Carlos I Emperador a Carlos II El Hechizado
_b: historia humana de una dinastia /
_cJerónimo de Moragas.
250 _a1.ª ed.
260 _aBarcelona :
_bJuventud,
_c1970.
300 _a381 p.
_a17 lám. ;
_c23 cm.
651 4 _aEspaña-
_xHistoria-
_y1516-1700, Casa de Austria
_98228
852 _aES-MaACL
_jC-38149
_bR.75432
999 _c106872
_d106872